1, 2, 3, 4, 5 - Taskmaster - Statistics

General Stats
  • This quiz has been taken 11 times
  • The average score is 50 of 83
Answer Stats
Answer % Correct
a
100%
a
100%
five
100%
four,
100%
I
100%
I
100%
I
100%
It
100%
it
100%
it
100%
my
100%
my
100%
on
100%
one,
100%
the
100%
the
100%
three,
100%
two,
100%
alive
88%
bit
88%
bite?)
88%
bro!
88%
did
88%
did
88%
finger
88%
finger
88%
finger
88%
little
88%
little
88%
right
88%
This
88%
This
88%
to
88%
to
88%
(Which
88%
caught
75%
fish
75%
go
75%
go?)
75%
let
75%
let
75%
Once
75%
(Why
63%
again
50%
Motherf*cker
50%
of
50%
pr*ck
50%
said
50%
Then
50%
You
50%
you,
50%
You
50%
you
50%
eight,
38%
for
38%
nine,
38%
say
38%
seven,
38%
six,
38%
some
38%
ten
38%
that
38%
goes
25%
got
25%
know
25%
lot
25%
nursery
25%
one's
25%
real
25%
rhymes
25%
talk
25%
these
25%
chat
13%
fantasy
13%
gibberish
13%
kids
13%
pure
13%
Hashtag
0%
story
0%
Sup
0%
true
0%
yeah
0%
Yeah
0%
No matching quizzes found
Score Distribution
Percent of People with Each Score
Percentile by Number Answered
Your Score History
You have not taken this quiz